| 000 -NÁVESTIE |
| fixed length control field |
01432cam a2200385 a 4500 |
| 001 - EVIDENČNÉ ČÍSLO ZÁZNAMU - Kontrolné číslo |
| control field |
vtls011534605 |
| 005 - DÁTUM A ČAS POSLEDNEJ TRANSAKCIE |
| control field |
20251024075303.0 |
| 008 - ÚDAJE S PEVNOU DĹŽKOU – VŠEOBECNÉ INFORMÁCIE |
| fixed length control field |
170706s2015 xo ab g 000 0 slo |
| 020 ## - MEDZINÁRODNÉ ŠTANDARDNÉ ČÍSLO KNIHY (ISBN) |
| Medzinárodné štandardné číslo knihy (ISBN) |
9788071404866 (brož.) |
| 035 ## - Iný štandardný identifikátor |
| Iný štandardný identifikátor |
AB39CBE2-343B-4229-B54E-AF4D0022CEA3 |
| 035 ## - Iný štandardný identifikátor |
| Iný štandardný identifikátor |
urn:nbn:sk:snk-amlli4 |
| 035 ## - Iný štandardný identifikátor |
| Iný štandardný identifikátor |
urn:nbn:sk:snk-am00bf24 |
| 040 ## - ZDROJ KATALOGIZÁCIE |
| Pôvodná katalogizujúca agentúra |
SVKBB |
| Jazyk katalogizácie |
slo |
| Prepisujúca agentúra |
SVKBB |
| Modifikujúca agentúra |
SNK |
| Konvencie popisu |
AACR2 |
| 041 0# - KÓD JAZYKA |
| Kód jazyka textu/zvukovej stopy alebo samostatných nápisov |
slo |
| 044 ## - KÓD KRAJINY VYDAVATEĽA/PRODUCENTA |
| Kód krajiny MARC |
xo |
| Kód krajiny ISO |
SK |
| 072 #7 - KÓD PREDMETOVEJ KATEGÓRIE |
| Kód predmetovej kategórie |
2-23/-27 |
| Pododdiel kódu predmetovej kategórie |
Biblia. Biblistika |
| Zdroj |
konspekt |
| 080 ## - ČÍSLO MEDZINÁRODNÉHO DESATINNÉHO TRIEDENIA (MDT) |
| Číslo Medzinárodného desatinného triedenia (MDT) |
27-23 |
| Identifikátor vydania |
2011 |
| 080 ## - ČÍSLO MEDZINÁRODNÉHO DESATINNÉHO TRIEDENIA (MDT) |
| Číslo Medzinárodného desatinného triedenia (MDT) |
27-232/-236 |
| Identifikátor vydania |
2011 |
| 080 ## - ČÍSLO MEDZINÁRODNÉHO DESATINNÉHO TRIEDENIA (MDT) |
| Číslo Medzinárodného desatinného triedenia (MDT) |
(0:82-9) |
| Identifikátor vydania |
2011 |
| 245 00 - NÁZOV |
| Názov |
Biblia |
| Zvyšok názvu |
Písmo sväté Starej a Novej zmluvy : [podľa vydania Slovenskej evanjelickej cirkvi augsburského vyznania v ČSSR a v Spojených biblických spoločnostiach (Londýn) z roku 1979 |
| Údaj o zodpovednosti atď. |
text overili Juraj Bándy, Ján Grešo, Igor Kišš] |
| 250 ## - ÚDAJ O PORADÍ VYDANIA |
| Údaj o poradí vydania |
Reedícia |
| 260 ## - VYDAVATEĽSKÉ ÚDAJE, DISTRIBÚCIA ATĎ. |
| Miesto publikovania, distribúcie atď. |
Liptovský Mikuláš |
| Názov vydavateľa, distibútora atď. |
Tranoscius |
| Dátum publikovania, distribúcie atď. |
2015 |
| 300 ## - FYZICKÝ POPIS |
| Rozsah |
299, [17] s. |
| Ďalšie fyzické detaily |
mp., tab. |
| Rozmery |
18 cm |
| 630 07 - PRIDANÝ VSTUP – PREDMET – UNIFIKOVANÝ NÁZOV |
| Unifikovaný názov |
Biblia |
| Zdroj hesla alebo termínu |
SNKPH |
| -- |
2768 |
| 630 07 - PRIDANÝ VSTUP – PREDMET – UNIFIKOVANÝ NÁZOV |
| Unifikovaný názov |
Bible |
| Zdroj hesla alebo termínu |
SNKPHeng |
| -- |
5048 |
| 650 07 - PRIDANÝ VSTUP – PREDMET – TEMATICKÉ HESLO |
| Tematické heslo alebo geografický názov ako vstupný prvok |
Biblical texts |
| Zdroj hesla alebo termínu |
SNKPHeng |
| -- |
5049 |
| 650 07 - PRIDANÝ VSTUP – PREDMET – TEMATICKÉ HESLO |
| Tematické heslo alebo geografický názov ako vstupný prvok |
biblické texty |
| Zdroj hesla alebo termínu |
SNKPH |
| -- |
5050 |
| 655 #7 - INDEXAČNÝ TERMÍN – ŽÁNER/FORMA |
| Údaje o žánri/forme alebo termín, ktorý je prvok fazety |
texty |
| Zdroj termínu |
SNKPH |
| -- |
2004 |
| 655 #7 - INDEXAČNÝ TERMÍN – ŽÁNER/FORMA |
| Údaje o žánri/forme alebo termín, ktorý je prvok fazety |
Texts |
| Zdroj termínu |
SNKPHeng |
| -- |
2006 |
| 700 1# - PRIDANÝ VSTUP – OSOBNÉ MENO |
| Osobné meno |
Bándy, Juraj, |
| Dátumy súvisiace s menom |
1950- |
| Kód roly |
oth |
| -- |
5051 |
| 700 1# - PRIDANÝ VSTUP – OSOBNÉ MENO |
| Osobné meno |
Grešo, Ján, |
| Dátumy súvisiace s menom |
1933-2013 |
| Kód roly |
oth |
| -- |
5052 |
| 700 1# - PRIDANÝ VSTUP – OSOBNÉ MENO |
| Osobné meno |
Kišš, Igor, |
| Dátumy súvisiace s menom |
1932-2018 |
| Kód roly |
oth |
| -- |
5053 |
| 958 ## - Formálny deskriptor |
| Formálny deskriptor |
NT |